| 000 | 00911nas a2200313 4500 | ||
|---|---|---|---|
| 001 | BR2012005890 | ||
| 003 | BR-BrBNA | ||
| 005 | 20231205120938.0 | ||
| 007 | ta | ||
| 008 | 230509b bl.|||p| |||| 00| 00por d | ||
| 040 |
_aBR-BrBNA _bpor _cBiblioteca Nacional de Agricultura |
||
| 041 | _a(Pt) | ||
| 072 | _aL70 | ||
| 100 | 1 | _aGuedes, R.L. | |
| 100 | 1 | _aSimeoni, C.P. | |
| 100 | 1 | _aLinhares, M.T. | |
| 100 | 1 | _aCastro Junior, I.F. de | |
| 100 | 1 | _aCunha, T. de O. | |
| 100 | 1 | _aSouza, F.W. de | |
| 100 | 1 | _aPippi, N.L. | |
| 245 | 1 | _aOvariohisterestomia videoassistida com dois portais para o tratamento de piometra em cadela | |
| 650 | _aCÃO | ||
| 650 | _aLAPAROSCOPIA | ||
| 650 | _aÓVULO | ||
| 650 | _aCIRURGIA | ||
| 773 | 0 |
_tCiência Rural (Brazil) _xISSN 0103-8478 _g(Jun 2012), v. 42(6) p. 1040-1043 _wBR2012005890 |
|
| 909 |
_a202311 _bLúcia _c55 _dLúcia Elande |
||
| 942 |
_2AGRIS _n0 _cANA |
||
| 999 |
_c221117 _d221117 |
||